Statystyki dla Wszyscy rosyjscy skoczkowie narciarscy w historii

Kliknij tutaj aby rozwiązać quiz!

Ogólne statystyki

  • Ten quiz został rozwiązany 6 razy
    (4 od ostatniego zresetowania)
  • Średni wynik to 14 z 67

Statystyki odpowiedzi

Odpowiedź% Poprawnych
Dienis Korniłow
100%
Dimitrij Wasiljew
100%
Jewgienij Klimow
100%
Michaił Maksimoczkin
75%
Roman Trofimow
75%
Aleksandr Bażenow
50%
Aleksiej Romaszow
50%
Anton Kaliniczenko
50%
Danił Sadriejew
50%
Dimitrij Ipatow
50%
Ilja Mańkow
50%
Ilja Rosljakow
50%
Michaił Nazarow
50%
Pawieł Karielin
50%
Piotr Czaadajew
50%
Wadim Szyszkin
50%
Władysław Bojarincew
50%
Aleksandr Sardyko
25%
Aleksandr Szuwałow
25%
Aleksandr Wołkow
25%
Aleksiej Siłajew
25%
Artur Chamidulin
25%
Ildar Fatkullin
25%
Ilmir Chazietdinow
25%
Kiriłł Kotik
25%
Maksim Kołobow
25%
Maksim Sergiejew
25%
Michaił Purtow
25%
Nikołaj Matawin
25%
Razil Chazietdinow
25%
Robiert Fatkullin
25%
Walerij Kobielew
25%
Aleksandr Biełow
0%
Aleksandr Łoginow
0%
Aleksandr Marczukow
0%
Aleksiej Bujwołow
0%
Aleksiej Sołodiankin
0%
Anton Łusznikow
0%
Artiom Judin
0%
Artiom Miasnikow
0%
Artur Sułtangułow
0%
Dimitrij Chodykin
0%
Dimitrij Czełowienko
0%
Dmitrij Pusienkow
0%
Dmitrij Żuczichin
0%
Eduard Subocz
0%
Emil Mulukow
0%
Gieorgij Czerwiakow
0%
Grigorij Leontjew
0%
Igor Iwanow
0%
Ilja Baskakow
0%
Iwan Łanin
0%
Jegor Usaczow
0%
Jewgienij Płechow
0%
Jurij Dudariew
0%
Maksim Cubina
0%
Michaił Jesin
0%
Nikołaj Parfionow
0%
Nikołaj Pietruszyn
0%
Ramil Zarifullin
0%
Siergiej Byczkow
0%
Stanisław Oszczepkow
0%
Stanisław Pochilko
0%
Stiepan Gradobojew
0%
Walerij Karietnikow
0%
Władisław Mustafin
0%
Zachir Dżafarow
0%

Rozkład punktacji

Percentyl według liczby udzielonych odpowiedzi

Procent ludzi z każdym wynikiem

Twoja historia wyników

Nie rozwiązałeś tego quizu od ostatniego zresetowania